[Event "12th Dortmund Meeting"]
[Site "Dortmund GER"]
[Date "1984.10.15"]
[Round "5"]
[White "Zapata, Alonso"]
[Black "Gruenfeld, Yehuda"]
[WhiteElo "2470"]
[BlackElo "2435"]
[Result "0-1"]
[EventDate "1984.10.11"]
[PlyCount "58"]

1.e4 c5 2.Nf3 d6 3.d4 cxd4 4.Nxd4 Nf6 5.Nc3 a6 6.Be2 e5 7.Nb3 Be7 8.O-O 
Be6 9.Be3 Nbd7 10.a4 Nb6 11.Qd2 O-O 12.Rfd1 Nc4 13.Bxc4 Bxc4 14.Bg5 Rc8 
15.Bxf6 gxf6 16.Nc1 Qd7 17.Nd3 Kh8 18.Nb4 Rg8 19.f3 Rg6 20.Nbd5 Rcg8 21.
Ne3 Be6 22.Kh1 f5 23.exf5 Bxf5 24.g4 Be6 25.Ne4 f5 26.Nxd6 Qc6 27.Ndxf5 
Bxf5 28.Nxf5 Qxf3+ 29.Qg2 Qxf5 0-1

[Event "12th Dortmund Meeting"]
[Site "Dortmund GER"]
[Date "1984.10.16"]
[Round "6"]
[White "Giorgadze, Tamaz"]
[Black "Lobron, Eric"]
[WhiteElo "2495"]
[BlackElo "2520"]
[Result "1/2-1/2"]
[EventDate "1984.10.11"]
[PlyCount "28"]

1.d4 Nf6 2.c4 e6 3.Nf3 d5 4.Nc3 Be7 5.Bg5 h6 6.Bh4 O-O 7.e3 b6 8.Bd3 Bb7 
9.O-O Nbd7 10.Qe2 c5 11.Rfd1 Rc8 12.Bg3 cxd4 13.Nxd4 Nc5 14.Bc2 a6 1/2-1/2

[Event "12th Dortmund Meeting"]
[Site "Dortmund GER"]
[Date "1984.10.16"]
[Round "6"]
[White "Ostermeyer, Peter"]
[Black "Adorjan, Andras"]
[WhiteElo "2460"]
[BlackElo "2570"]
[Result "1/2-1/2"]
[EventDate "1984.10.11"]
[PlyCount "40"]

1.e4 c5 2.Nf3 e6 3.d4 cxd4 4.Nxd4 Nf6 5.Nc3 d6 6.g4 h6 7.h4 Nc6 8.Rg1 h5 
9.gxh5 Rxh5 10.Bg5 Rh8 11.Qd2 Qb6 12.Nb3 Bd7 13.O-O-O a6 14.Rg3 O-O-O 15.
Bg2 Qc7 16.f4 Be7 17.Qf2 Kb8 18.f5 Ne5 19.Bh3 Nc4 20.Nd2 Nxd2 1/2-1/2

[Event "12th Dortmund Meeting"]
[Site "Dortmund GER"]
[Date "1984.10.17"]
[Round "7"]
[White "Zapata, Alonso"]
[Black "Suba, Mihai"]
[WhiteElo "2470"]
[BlackElo "2525"]
[Result "1/2-1/2"]
[EventDate "1984.10.11"]
[PlyCount "50"]

1.e4 c5 2.Nf3 d6 3.d4 Nf6 4.Nc3 cxd4 5.Nxd4 e6 6.f4 a6 7.Bd3 b5 8.Qe2 Bb7 
9.Bd2 Be7 10.Nb3 O-O 11.O-O Qc7 12.Rae1 b4 13.Nd1 d5 14.exd5 Nxd5 15.f5 e5
16.c4 Nf6 17.Nf2 Nbd7 18.Bg5 Rfe8 19.Bxf6 Nxf6 20.Ne4 Bxe4 21.Bxe4 Rad8 
22.Qc2 Bc5+ 23.Kh1 Rd6 24.Re2 Ng4 25.Rfe1 Rh6 1/2-1/2